Online
Catalog

Cartas sobre Cézanne / (Record no. 832)

MARC details
000 -CABECERA
campo de control de longitud fija 01205nam a2200289 a 4500
001 - NÚMERO DE CONTROL
campo de control 000000836
005 - FECHA Y HORA DE LA ÚLTIMA TRANSACCIÓN
campo de control 20200929145423.0
008 - DATOS DE LONGITUD FIJA--INFORMACIÓN GENERAL
campo de control de longitud fija 090527s1985 sp 000 0 spa d
020 ## - NÚMERO INTERNACIONAL ESTÁNDAR DEL LIBRO
Número Internacional Estándar del Libro 8475093582
020 ## - NÚMERO INTERNACIONAL ESTÁNDAR DEL LIBRO
Número Internacional Estándar del Libro 9788475093581
040 ## - FUENTE DE LA CATALOGACIÓN
Centro catalogador/agencia de origen DO-SdBNP
Lengua de catalogación spa
Centro/agencia transcriptor BNPHU
082 ## - NÚMERO DE LA CLASIFICACIÓN DECIMAL DEWEY
Número de clasificación 836
Número de documento/Ítem R573c
100 1# - ENTRADA PRINCIPAL--NOMBRE DE PERSONA
Nombre de persona Rilke, Rainer María,
Fechas asociadas al nombre 1875-1926
9 (RLIN) 2953
245 10 - MENCIÓN DE TÍTULO
Título Cartas sobre Cézanne /
Mención de responsabilidad, etc. Rainer María Rilke ; editada Clara Rilke ; epílogo y notas Heinrich Wiegand Petzet ; traducción Nicanor Ancochea.
260 ## - PUBLICACIÓN, DISTRIBUCIÓN, ETC.
Lugar de publicación, distribución, etc. Barcelona :
Nombre del editor, distribuidor, etc. Paidós,
Fecha de publicación, distribución, etc. 1985.
300 ## - DESCRIPCIÓN FÍSICA
Extensión 94 p. ;
Dimensiones 21 cm.
490 0# - MENCIÓN DE SERIE
Mención de serie Paidós estética
Designación de volumen o secuencia 3
500 ## - NOTA GENERAL
Nota general Título original en alemán: Briefe über Cézanne
505 0# - NOTA DE CONTENIDO CON FORMATO
Nota de contenido con formato Las cartas -- Epílogo -- Apéndice -- Notas a las cartas -- Referencias bibliográficas.
600 14 - PUNTO DE ACCESO ADICIONAL DE MATERIA--NOMBRE DE PERSONA
Nombre de persona CÉZANNE, PAUL,
Fechas asociadas al nombre 1839-1906
Subdivisión general CRÍTICA E INTERPRETACIÓN
9 (RLIN) 2954
600 14 - PUNTO DE ACCESO ADICIONAL DE MATERIA--NOMBRE DE PERSONA
Nombre de persona RILKE, RAINER MARÍA,
Fechas asociadas al nombre 1875-1926
Subdivisión de forma CORRESPONDENCIAS, MEMORIAS, ETC.
9 (RLIN) 2955
600 14 - PUNTO DE ACCESO ADICIONAL DE MATERIA--NOMBRE DE PERSONA
Nombre de persona AUTORES GERMÁNICOS
Subdivisión cronológica SIGLO XX
Subdivisión de forma CORRESPONDENCIAS, MEMORIAS, ETC.
9 (RLIN) 2956
700 1# - PUNTO DE ACCESO ADICIONAL--NOMBRE DE PERSONA
Nombre de persona Rilke, Clara,
Término indicativo de función/relación ed.
9 (RLIN) 2957
700 1# - PUNTO DE ACCESO ADICIONAL--NOMBRE DE PERSONA
Nombre de persona Wiegand Petzet, Heinrich
9 (RLIN) 2958
700 1# - PUNTO DE ACCESO ADICIONAL--NOMBRE DE PERSONA
Nombre de persona Ancochea, Nicanor,
Término indicativo de función/relación tr.
9 (RLIN) 2959
830 #0 - PUNTO DE ACCESO ADICIONAL DE SERIE-TÍTULO UNIFORME
Título uniforme Paidós estética
Número de parte o sección de la obra 3
9 (RLIN) 2960
Holdings
Estado de retiro Estado de pérdida Restricciones de uso No para préstamo Código de colección Localización permanente Ubicación/localización actual Ubicación en estantería Fecha de adquisición Número de inventario Total de préstamos Signatura topográfica completa Código de barras Fecha visto por última vez Precio válido a partir de Tipo de ítem Koha
    Préstamo interno Préstamo en sala Dominicana de Servicio Biblioteca Nacional Pedro Henríquez Ureña Biblioteca Nacional Pedro Henríquez Ureña Depósito 26.08.2009 LF1   836 R573c 836-10 25.06.2020 25.06.2020 Libros y folletos

Powered by Koha